|
|
|
|
| LEADER |
00000nas a2200000 a 4500 |
| 001 |
ssj0059046 |
| 003 |
WaSeSS |
| 005 |
20200512172242.0 |
| 006 |
m d |
| 007 |
cr n |
| 008 |
050805c20069999ilufr pss 0 a0eng c |
| 010 |
|
|
|a 2005214997
|
| 022 |
|
|
|a 1557-2447
|l 1557-2447
|
| 035 |
|
|
|a (WaSeSS)ssj0059046
|
| 037 |
|
|
|b Northwestern University School of Law, Office of Legal Publications, 357 E. Chicago Ave., Chicago, IL 60611
|
| 040 |
|
|
|a NSD
|b eng
|c NSD
|d BUF
|d NSD
|d OCLCQ
|d DLC
|d DOS
|d MUQ
|d CUI
|d OCLCQ
|d OCLCF
|d OCLCQ
|d AU@
|d WaSeSS
|
| 042 |
|
|
|a pcc
|a nsdp
|
| 043 |
|
|
|a n-us---
|a n-us-il
|
| 050 |
0 |
0 |
|a K14
|
| 050 |
1 |
4 |
|a KF3720
|b .N67
|
| 082 |
1 |
0 |
|a 340
|2 14
|
| 222 |
|
0 |
|a Northwestern journal of law and social policy
|
| 245 |
0 |
0 |
|a Northwestern journal of law and social policy
|h [electronic resource].
|
| 246 |
3 |
|
|a Journal of law and social policy
|
| 246 |
3 |
|
|a NJLSP
|
| 246 |
1 |
3 |
|a Nw. J.L. & Soc. Pol'y
|
| 246 |
1 |
|
|i Title on Vol. 1, issue 1 masthead:
|a Northwestern University journal of law and social policy
|
| 260 |
|
|
|a Chicago, Ill. :
|b Northwestern University School of Law,
|c 2006-
|
| 310 |
|
|
|a Semiannual
|
| 362 |
0 |
|
|a Vol. 1, issue 1 (summer 2006)-
|
| 500 |
|
|
|a Title from homepage HTML header (viewed Mar. 22, 2007).
|
| 506 |
|
|
|a License restrictions may limit access.
|
| 538 |
|
|
|a Mode of access: World Wide Web.
|
| 650 |
|
0 |
|a Law
|z United States
|v Periodicals.
|
| 650 |
|
6 |
|a Sociologie juridique
|v Périodiques.
|
| 650 |
|
7 |
|a Law.
|2 fast
|0 (OCoLC)fst00993678
|
| 650 |
|
7 |
|a Social policy.
|2 fast
|0 (OCoLC)fst01122738
|
| 651 |
|
0 |
|a United States
|x Social policy
|v Periodicals.
|
| 651 |
|
6 |
|a États-Unis
|x Politique sociale
|v Périodiques.
|
| 651 |
|
7 |
|a United States.
|2 fast
|0 (OCoLC)fst01204155
|
| 655 |
|
0 |
|a Electronic journals.
|
| 710 |
2 |
|
|a Northwestern University (Evanston, Ill.).
|b School of Law.
|
| 850 |
|
|
|a DLC
|
| 856 |
4 |
0 |
|z Full text available from Research Library: 10/01/2013 to present
|u https://search.proquest.com/publication/2034356
|